000 00683nam a2200241Ia 4500
003 OSt
005 20221006144822.0
006 a|||||r|||| 00| 0
007 ta
008 221006b |||||||| |||| 00| 0 eng d
020 _c
_2.00
024 _a12,825
037 _cTextual
040 _aEASL
_cEASL
_beng
041 _2eng
_aeng
082 _aV41:194F:(Y:6).N70<-N66, K2
100 _aTERTIAK Daniel
_9652959
245 0 _aChina and Southeast Asia
_b Changes in the overall pattern of interaction, 1966-70
260 _c1962
300 _a19p.
_ccm.
942 _hV41:194F:(Y:6).N70<-N66, K2
_cTEXL
_2CC
999 _c1080911
_d1080911